Statistics for Deadliest Battles In Human History

Click here to take the quiz!

General Stats

  • This quiz has been taken 76 times
  • The average score is 4 of 10

Answer Stats

DateDeathsBattle% Correct
1942-19431,250,000Battle of Stalingrad
95%
19161,120,000The Somme
89%
19451,300,000Siege of Berlin
77%
1941-19441,120,000Siege of Leningrad
77%
1258~2,000,000Mongol Sack of Baghdad
33%
19411,400,000Operation Barbarossa
14%
19161,600,000Battle of Brusilov
8%
19181,550,000German Spring Offensive
3%
19441,300,000Operation Ichi-Go
3%
19431,580,000Battle of Dnieper
2%

Score Distribution

Percentile by Number Answered

Percent of People with Each Score

Your Score History

You have not taken this quiz